Normal view MARC view

Entry Personal Name

Number of records used in: 1

001 - CONTROL NUMBER

  • control field: 12440

003 - CONTROL NUMBER IDENTIFIER

  • control field: OSt

005 - DATE AND TIME OF LATEST TRANSACTION

  • control field: 20230901124204.0

008 - FIXED-LENGTH DATA ELEMENTS

  • fixed length control field: 230901|| aca||aabn | a|a d

040 ## - CATALOGING SOURCE

  • Original cataloging agency: OSt
  • Transcribing agency: OSt

100 ## - HEADING--PERSONAL NAME

  • Personal name: Gobel,Barbra Holmes

670 ## - SOURCE DATA FOUND

  • Source citation: Work cat.: (OSt)12843: Yarbro, Connie Henke 7734, Cancer Nursing Principles and Practice/, 2018

Powered by Koha